[Event "44th Rilton Cup 2014-15"]
[Site "Stockholm SWE"]
[Date "2015.01.02"]
[Round "6.36"]
[White "Wikner, Arvid"]
[Black "Kassani, Sam"]
[Result "1/2-1/2"]
[WhiteElo "2281"]
[BlackElo "2086"]
[WhiteFideId "1702262"]
[BlackFideId "1709089"]
[EventDate "2014.12.27"]

1. e4 c5 2. Nf3 g6 3. d4 cxd4 4. Qxd4 Nf6 5. Nc3 Nc6 6. Qa4 Qc7 7. Bg5 Bg7 8.
Bb5 O-O 9. O-O Qb8 10. Bxc6 dxc6 11. e5 Nd7 12. Bxe7 Re8 13. Bd6 b5 14. Qf4 Qb7
15. Ne4 c5 16. Nfg5 Nxe5 17. Nxc5 Qc6 18. Bxe5 Rxe5 19. Qxf7+ Kh8 20. Rae1 Bh3
21. Nxh3 Qxc5 22. b4 Qc3 23. Rxe5 Qxe5 24. Qb7 Rd8 25. Qxa7 h6 26. a4 bxa4 27.
Qxa4 Rd4 28. c3 Rc4 29. Qa6 Qe4 30. b5 Rxc3 31. g3 g5 32. b6 Rb3 33. Qc8+ Kh7
34. Qc7 Rb2 35. Rd1 Qf3 36. Re1 Qd5 37. Qe7 Rxb6 38. Qe4+ Qxe4 39. Rxe4 Rb2 40.
Kg2 Bf8 41. Rc4 Bb4 42. Kf3 Ba5 43. Rc6 Bb6 44. Rd6 Rb4 45. Kg2 Rb2 46. Kf3 Kg7
47. Rd7+ Kg6 48. Rd6+ Kg7 49. g4 Rb3+ 50. Kg2 Rb2 51. Re6 Bd4 52. Re4 Bc5 53.
Re6 Bb6 54. Re5 Bd4 55. Rf5 Kg6 56. Ng1 Bb6 57. Nh3 Ba7 58. Ng1 Bb6 59. h3 Ba7
60. h4 Rb4 61. h5+ Kg7 62. Kg3 Rb2 63. Rf3 Bb6 64. Nh3 Bc7+ 65. Kg2 Rb4 66. Rc3
Rxg4+ 67. Kf3 Be5 68. Kxg4 Bxc3 69. Ng1 Bd4 70. Kg3 Kf6 71. Nf3 Bc3 72. Kg4 Ke6
73. Nh2 Be5 74. Nf1 Bf4 75. f3 Ke5 76. Kh3 Kd4 77. Kg4 Kd3 78. Ng3 Bxg3 79. Kxg3
Kd4 80. f4 1/2-1/2

[Event "44th Rilton Cup 2014-15"]
[Site "Stockholm SWE"]
[Date "2015.01.02"]
[Round "6.37"]
[White "Merkesvik, Sondre"]
[Black "Liedbeck, Patrik"]
[Result "1-0"]
[WhiteElo "2218"]
[BlackElo "2016"]
[WhiteFideId "1514350"]
[BlackFideId "1718975"]
[EventDate "2014.12.27"]

1. Nf3 Nf6 2. d4 g6 3. c4 Bg7 4. g3 c6 5. Bg2 d5 6. O-O dxc4 7. a4 O-O 8. Na3
Be6 9. Ng5 Bg4 10. Nxc4 h6 11. Nf3 Nbd7 12. a5 Be6 13. Qa4 b5 14. axb6 Nxb6 15.
Nxb6 axb6 16. Qxa8 Qxa8 17. Rxa8 Rxa8 18. Ne5 Bd5 19. Nxc6 Bxg2 20. Kxg2 e6 21.
f3 Kf8 22. Bd2 Rc8 23. Rc1 Ke8 24. e4 Ng8 25. Kf1 Ne7 26. Nxe7 Rxc1+ 27. Bxc1
Kxe7 28. Be3 Kd7 29. Ke2 Kc6 30. Kd3 Kb5 31. Kc3 h5 32. Bg5 Bf8 33. Bd8 Bd6 34.
Kb3 Bb4 35. Bxb6 Be1 36. Bc7 Bf2 37. Kc3 Bg1 38. g4 h4 39. h3 Bf2 40. Kd3 Kc6
41. Be5 Kb5 42. Bd6 Kc6 43. Bf4 Kb5 44. Be3 Bg3 45. f4 Be1 46. Ke2 Bg3 47. Kf3
Kc4 48. Bf2 Bh2 49. Bxh4 Kxd4 50. Bg3 Bg1 51. h4 Kd3 52. h5 gxh5 53. gxh5 Bd4
54. e5 1-0

[Event "44th Rilton Cup 2014-15"]
[Site "Stockholm SWE"]
[Date "2015.01.02"]
[Round "6.38"]
[White "Mikalsen, Erlend"]
[Black "Eriksson, Jorgen"]
[Result "1-0"]
[WhiteElo "2164"]
[BlackElo "2211"]
[WhiteFideId "1507338"]
[BlackFideId "1701967"]
[EventDate "2014.12.27"]

1. e4 d6 2. d4 Nf6 3. Nc3 e5 4. Nf3 Nbd7 5. Bc4 Be7 6. O-O O-O 7. Re1 c6 8. a4
b6 9. b3 a6 10. Bb2 Rb8 11. Bd3 Qc7 12. Ne2 Re8 13. Ng3 g6 14. Qd2 Bf8 15. h4
Bg7 16. h5 c5 17. dxc5 dxc5 18. Qg5 h6 19. Qd2 Nf8 20. hxg6 fxg6 21. Bc4+ Kh7
22. Qd3 Ra8 23. Rad1 Ng4 24. Qd6 Qxd6 25. Rxd6 Be6 26. Rxb6 Bxc4 27. bxc4 Reb8
28. Rxb8 Rxb8 29. Ba3 Ne6 30. Ne2 Nd4 31. Nfxd4 cxd4 32. Nc1 Bf8 33. c5 Kg7 34.
Nd3 g5 35. Bb4 Kf6 36. Ba5 Ke6 37. Bb6 a5 38. Rb1 Nf6 39. f3 Nd7 40. Rb5 Be7 41.
Rxa5 Nxb6 42. cxb6 Rxb6 43. Rxe5+ Kf6 44. Rb5 Rc6 45. Rb2 Bd8 46. Nb4 Rc4 47.
Kf1 Ba5 48. Nd5+ Ke6 49. Ra2 Rc8 50. Ke2 Rb8 51. Kd3 Ke5 52. g3 1-0

[Event "44th Rilton Cup 2014-15"]
[Site "Stockholm SWE"]
[Date "2015.01.02"]
[Round "6.39"]
[White "Svorono, Gabriel"]
[Black "Naslund, Mikael"]
[Result "1-0"]
[BlackTitle "FM"]
[WhiteElo "1884"]
[BlackElo "2150"]
[WhiteFideId "1715623"]
[BlackFideId "1708260"]
[EventDate "2014.12.27"]

1. e4 c5 2. Nf3 e6 3. d4 cxd4 4. Nxd4 a6 5. Bd3 Bc5 6. Nb3 Be7 7. Qg4 g6 8. O-O
d6 9. Nc3 Nd7 10. f4 Qc7 11. Qe2 Ngf6 12. g4 Nc5 13. Nxc5 Qxc5+ 14. Be3 Qc7 15.
Qf3 O-O 16. f5 Nd7 17. Bh6 Ne5 18. Qf4 Qb6+ 19. Kh1 Qxb2 20. f6 Re8 21. fxe7
Qxc3 22. Qf6 1-0

[Event "44th Rilton Cup 2014-15"]
[Site "Stockholm SWE"]
[Date "2015.01.02"]
[Round "6.40"]
[White "Hammar, Bengt"]
[Black "Lindbergh, Theodor"]
[Result "1-0"]
[WhiteTitle "FM"]
[WhiteElo "2211"]
[BlackElo "2128"]
[WhiteFideId "1700391"]
[BlackFideId "1716956"]
[EventDate "2014.12.27"]

1. e4 c5 2. Nf3 d6 3. d4 cxd4 4. Nxd4 Nf6 5. Nc3 a6 6. Bg5 e6 7. f4 h6 8. Bh4
Be7 9. Qf3 Nbd7 10. Bg3 Qc7 11. O-O-O b5 12. a3 Bb7 13. Bd3 Rc8 14. Qe2 Nb6 15.
e5 dxe5 16. fxe5 Nfd5 17. Ne4 Nc4 18. Qg4 Bxa3 19. Bxc4 Bxb2+ 20. Kxb2 bxc4 21.
Nd6+ Ke7 22. Rhf1 1-0

[Event "44th Rilton Cup 2014-15"]
[Site "Stockholm SWE"]
[Date "2015.01.02"]
[Round "6.41"]
[White "Dragicevic, Drazen"]
[Black "Rahul Kumar, Pune"]
[Result "1-0"]
[WhiteTitle "FM"]
[WhiteElo "2289"]
[BlackElo "2169"]
[WhiteFideId "1707922"]
[BlackFideId "5010969"]
[EventDate "2014.12.27"]

1. Nf3 Nf6 2. c4 c5 3. d4 cxd4 4. Nxd4 Nc6 5. Nc3 g6 6. e4 d6 7. Be2 Bg7 8. Nc2
O-O 9. Be3 a6 10. O-O Be6 11. f3 Nd7 12. Qd2 Rc8 13. Na3 Qa5 14. Rac1 Rfe8 15.
Rfd1 Nc5 16. Bf1 f5 17. exf5 Bxf5 18. Qf2 Nb4 19. Bd4 Bh6 20. Be3 Bg7 21. Bd4
Bh6 22. Be3 Bf8 23. g4 Bd7 24. Nc2 Nxc2 25. Rxc2 Bc6 26. Nd5 Nd7 27. b3 e6 28.
Nb6 Nxb6 29. Bxb6 Qg5 30. Bg2 e5 31. Be3 Qf6 32. Rcd2 g5 33. Rd3 b5 34. Bc1 bxc4
35. bxc4 Ba8 36. Ba3 Red8 37. Qb6 Rc6 38. Qb3 Qf7 39. c5 d5 40. Rxd5 Rxd5 41.
Qxd5 Qxd5 42. Rxd5 Re6 43. Rd8 Bc6 44. Bf1 Rf6 45. Bb2 Kf7 46. Bc4+ Ke7 47. Bxe5
Kxd8 48. Bxf6+ Kd7 49. Kg2 Be7 50. Bxe7 Kxe7 51. Bxa6 Ke6 52. Bd3 h6 53. Be4 Bb5
54. Kg3 Ke5 55. h4 Ba6 56. hxg5 hxg5 57. a4 Bc8 58. Ba8 Bd7 59. a5 Bc8 60. c6 1-0

[Event "44th Rilton Cup 2014-15"]
[Site "Stockholm SWE"]
[Date "2015.01.02"]
[Round "6.42"]
[White "Ask, Josef"]
[Black "Orndahl, Markus"]
[Result "1-0"]
[WhiteElo "2181"]
[BlackElo "2188"]
[WhiteFideId "1704583"]
[BlackFideId "1709135"]
[EventDate "2014.12.27"]

1. e4 d6 2. d3 Nc6 3. g3 h5 4. h3 e5 5. Bg2 Be7 6. Nf3 Be6 7. Nc3 Qd7 8. Be3 Bf6
9. d4 exd4 10. Nxd4 Nxd4 11. Bxd4 c6 12. f4 Qc7 13. Qd3 O-O-O 14. f5 Bd7 15.
O-O-O Be5 16. Bxa7 c5 17. Nd5 Qa5 18. Bb6 Qxa2 19. Qa3 Qxa3 20. bxa3 Re8 21.
Bxc5 dxc5 22. Nb6+ Kc7 23. Nxd7 Bd4 24. c3 Bxc3 25. Nxc5 Be5 26. Rd3 Rh6 27. Kd2
Rc6 28. Nd7 Nf6 29. Nxe5 Rxe5 30. Rd4 Rec5 31. Bf3 Rc2+ 32. Ke3 Nd7 33. Bxh5 Ne5
34. Rhd1 f6 35. Be2 R6c3+ 36. Kf2 Rxa3 37. R1d2 Rcc3 38. Rb2 Nc6 39. Rd5 Rab3
40. Rxb3 Rxb3 41. Rd3 Rxd3 42. Bxd3 Ne5 43. Be2 Kd6 44. g4 Kc5 45. Ke3 b5 46. h4
b4 47. g5 b3 48. Bd1 Kc4 49. g6 b2 50. Bc2 Kc3 51. Bb1 Nc4+ 52. Ke2 Nd2 53. Bd3
Nf3 54. Bb1 Nxh4 55. Kf2 Kd2 56. Kg3 Kc1 57. Ba2 1-0

[Event "44th Rilton Cup 2014-15"]
[Site "Stockholm SWE"]
[Date "2015.01.03"]
[Round "7.1"]
[White "Krasenkow, Michal"]
[Black "Hillarp Persson, Tiger"]
[Result "0-1"]
[WhiteTitle "GM"]
[BlackTitle "GM"]
[WhiteElo "2614"]
[BlackElo "2544"]
[WhiteFideId "1113100"]
[BlackFideId "1700812"]
[EventDate "2014.12.27"]

1. Nf3 Nf6 2. c4 g6 3. Nc3 Bg7 4. e4 d6 5. d4 O-O 6. Be2 e5 7. d5 a5 8. h3 Na6
9. Bg5 h6 10. Be3 c6 11. Nd2 Bd7 12. g4 Nc5 13. h4 a4 14. g5 hxg5 15. hxg5 Nh7
16. Rg1 Qa5 17. Qc2 a3 18. b4 Qxb4 19. Rb1 Qa5 20. Bxc5 dxc5 21. Rxb7 Qd8 22.
Nf3 Re8 23. Qd2 Rb8 24. Rxb8 Qxb8 25. Bd1 cxd5 26. Nxd5 Bc6 27. Rg3 Bf8 28. Nh2
Bxd5 29. exd5 Qb4 30. Qxb4 cxb4 31. Ba4 Rc8 32. Bb3 e4 33. Rg4 Re8 34. Kd2 Bd6
35. f4 f5 36. gxf6 Nxf6 37. Rxg6+ Kf7 38. Rg2 e3+ 39. Ke1 Nh5 40. Nf3 Nxf4 41.
Rg1 e2 42. Ng5+ Kf6 43. Ne6 Be5 44. Nxf4 Bc3+ 45. Kf2 Bd4+ 46. Ke1 Bc3+ 47. Kf2
Bd4+ 48. Ke1 Bxg1 49. Ne6 Rh8 50. Nf4 Be3 51. Ng2 Bc5 52. Kxe2 Rh2 53. Kf1 Ke5
54. Bc2 Kd4 55. Bb3 Kc3 56. d6 Kd2 0-1

[Event "44th Rilton Cup 2014-15"]
[Site "Stockholm SWE"]
[Date "2015.01.03"]
[Round "7.2"]
[White "Grandelius, Nils"]
[Black "Roiz, Michael"]
[Result "1/2-1/2"]
[WhiteTitle "GM"]
[BlackTitle "GM"]
[WhiteElo "2581"]
[BlackElo "2592"]
[WhiteFideId "1710400"]
[BlackFideId "2804158"]
[EventDate "2014.12.27"]

1. d4 Nf6 2. c4 e6 3. Nf3 d5 4. Nc3 c5 5. cxd5 Nxd5 6. g3 Nxc3 7. bxc3 cxd4 8.
cxd4 Bb4+ 9. Bd2 Bxd2+ 10. Qxd2 Bd7 11. Bg2 Bc6 12. O-O Nd7 13. Rfe1 Nf6 14. Qf4
Be4 15. Rac1 O-O 16. g4 Qb8 17. Qxb8 Raxb8 18. Ne5 Bxg2 19. Kxg2 Rbc8 20. Kf3
Rfd8 21. e4 Kf8 22. Ke3 g5 23. h4 h6 24. hxg5 hxg5 25. Rh1 Ke7 26. Kd3 Nd7 27.
Nxd7 Rxc1 28. Rxc1 Kxd7 29. Rh1 Ke7 30. Rc1 Kd7 31. Rh1 Ke7 32. Rc1 1/2-1/2

[Event "44th Rilton Cup 2014-15"]
[Site "Stockholm SWE"]
[Date "2015.01.03"]
[Round "7.3"]
[White "Romanov, Evgeny"]
[Black "Smirin, Ilia"]
[Result "1/2-1/2"]
[WhiteTitle "GM"]
[BlackTitle "GM"]
[WhiteElo "2638"]
[BlackElo "2644"]
[WhiteFideId "4148843"]
[BlackFideId "2801990"]
[EventDate "2014.12.27"]

1. d4 Nf6 2. c4 g6 3. Nc3 Bg7 4. e4 d6 5. Bd3 O-O 6. Nge2 e5 7. d5 Nh5 8. O-O
Nd7 9. Bc2 f5 10. exf5 gxf5 11. Ng3 Nxg3 12. fxg3 e4 13. g4 Ne5 14. gxf5 Bxf5
15. Qe2 Qh4 16. Bf4 Nf3+ 17. gxf3 exf3 18. Rxf3 Bxc2 19. Bg3 Qh3 20. Rxf8+ Rxf8
21. Qe6+ Qxe6 22. dxe6 Bd3 23. Nb5 a6 24. Nxc7 Bd4+ 25. Kg2 Be4+ 26. Kh3 Bf5+
27. Kg2 Be4+ 28. Kh3 Bf5+ 29. Kg2 1/2-1/2

[Event "44th Rilton Cup 2014-15"]
[Site "Stockholm SWE"]
[Date "2015.01.03"]
[Round "7.4"]
[White "Hammer, Jon Ludvig"]
[Black "Tikkanen, Hans"]
[Result "1-0"]
[WhiteTitle "GM"]
[BlackTitle "GM"]
[WhiteElo "2640"]
[BlackElo "2551"]
[WhiteFideId "1503707"]
[BlackFideId "1706446"]
[EventDate "2014.12.27"]

1. e4 e6 2. d4 d5 3. Nd2 Nf6 4. e5 Nfd7 5. Bd3 c5 6. c3 Nc6 7. Ne2 cxd4 8. cxd4
f6 9. exf6 Nxf6 10. O-O Bd6 11. Nf3 Qc7 12. Nc3 a6 13. Bd2 O-O 14. Rc1 g6 15.
Na4 Rb8 16. Qe2 Nh5 17. Bh6 Rf7 18. Qe3 Ng7 19. Nc5 Bd7 20. g3 Nf5 21. Bxf5 exf5
22. Qb3 Na5 23. Nxd7 Qxd7 24. Qxd5 Bb4 25. Qxd7 Rxd7 26. Be3 Rbd8 27. Ne5 Rd5
28. Rfd1 Bd6 29. Bg5 Re8 30. Nd7 Be7 31. Nb6 Rb5 32. Bxe7 Rxe7 33. Na4 Rd7 34.
Rc8+ Kg7 35. Nc5 Rd6 36. Rc7+ Kh6 37. Nd7 Kh5 38. Nf6+ Kg5 39. Nxh7+ Kg4 40. b3
Rbd5 41. Kg2 g5 42. h3+ Kh5 43. Nf8 Rh6 44. Rh1 Rh8 45. g4+ Kh6 46. Re1 Rxf8 47.
Re6+ Rf6 48. Rxf6# 1-0

[Event "44th Rilton Cup 2014-15"]
[Site "Stockholm SWE"]
[Date "2015.01.03"]
[Round "7.5"]
[White "Goganov, Aleksey"]
[Black "Lokander, Martin"]
[Result "1-0"]
[WhiteTitle "GM"]
[BlackTitle "FM"]
[WhiteElo "2615"]
[BlackElo "2365"]
[WhiteFideId "24109959"]
[BlackFideId "1709569"]
[EventDate "2014.12.27"]

1. d4 Nf6 2. c4 g6 3. Nc3 Bg7 4. e4 d6 5. Nf3 O-O 6. Be2 Bg4 7. Be3 Nfd7 8. d5
Bxc3+ 9. bxc3 e5 10. h4 Qe7 11. h5 Bxh5 12. Ng5 Bxe2 13. Kxe2 Nf6 14. Rh6 Ng4
15. Rxh7 Nxe3 16. Qh1 Qxg5 17. Rh8+ Kg7 18. Qh7+ Kf6 19. Rxf8 Qg4+ 20. Kxe3 Qf4+
21. Ke2 Qxe4+ 22. Kf1 Qxc4+ 23. Kg1 Qxd5 24. Qh8+ 1-0

[Event "44th Rilton Cup 2014-15"]
[Site "Stockholm SWE"]
[Date "2015.01.03"]
[Round "7.6"]
[White "Urkedal, Frode"]
[Black "Turov, Maxim"]
[Result "1/2-1/2"]
[WhiteTitle "IM"]
[BlackTitle "GM"]
[WhiteElo "2517"]
[BlackElo "2591"]
[WhiteFideId "1506102"]
[BlackFideId "4120086"]
[EventDate "2014.12.27"]

1. d4 Nf6 2. c4 g6 3. Nc3 d5 4. cxd5 Nxd5 5. e4 Nxc3 6. bxc3 Bg7 7. Nf3 c5 8.
Be3 O-O 9. Be2 b6 10. Qd2 cxd4 11. cxd4 Bb7 12. Qd3 Ba6 13. Qd2 Bb7 14. e5 Nc6
15. h4 Qd5 16. h5 Qa5 17. Rc1 Qxd2+ 18. Bxd2 Rfd8 19. hxg6 hxg6 20. Rh4 Rac8 21.
Bc4 Na5 22. Bxa5 bxa5 23. Kd2 e6 24. Bb3 Rxc1 25. Kxc1 Bf8 26. Kd2 Be7 27. Rg4
Rc8 28. Ng5 Bb4+ 29. Kd1 Rc3 30. Rf4 a4 31. Bxa4 Rd3+ 32. Kc2 Rd2+ 33. Kb1 Ba3
34. Be8 Rb2+ 35. Ka1 Rd2 36. Bxf7+ Kf8 37. Bxe6+ Ke8 38. Bb3 Re2 39. Bf7+ Ke7
40. Bxg6 Bd5 41. e6 Rxa2+ 42. Kb1 Rb2+ 43. Ka1 Ra2+ 1/2-1/2

[Event "44th Rilton Cup 2014-15"]
[Site "Stockholm SWE"]
[Date "2015.01.03"]
[Round "7.7"]
[White "Mikhalevski, Victor"]
[Black "Smith, Axel"]
[Result "1-0"]
[WhiteTitle "GM"]
[BlackTitle "IM"]
[WhiteElo "2571"]
[BlackElo "2479"]
[WhiteFideId "2801914"]
[BlackFideId "1707930"]
[EventDate "2014.12.27"]

1. Nf3 d5 2. d4 Nf6 3. c4 e6 4. e3 c5 5. a3 a6 6. dxc5 Bxc5 7. b4 Be7 8. Bb2 O-O
9. Nbd2 b6 10. cxd5 Nxd5 11. Nc4 b5 12. Ncd2 a5 13. Bxb5 axb4 14. axb4 Rxa1 15.
Qxa1 Nxb4 16. O-O Bf6 17. Bxf6 Qxf6 18. Qxf6 gxf6 19. Ne4 Kg7 20. Rb1 N8c6 21.
g4 Ba6 22. Bxa6 Nxa6 23. Ng3 Rb8 24. Rc1 Ne5 25. Nxe5 fxe5 26. Kg2 Nb4 27. Rc7
Nd5 28. Ra7 Rb2 29. Kf3 Nf6 30. h3 Kg6 31. Ra8 h6 32. Rc8 Ra2 33. Rb8 Rc2 34.
Ra8 Rb2 35. Ra4 Rc2 36. Rb4 Ra2 37. Rc4 Rb2 38. Ra4 Rc2 39. Ra5 e4+ 40. Kg2 Nd5
41. Ra3 f5 42. Nh5 fxg4 43. hxg4 Kg5 44. Kg3 Rc1 45. Ra7 Rg1+ 46. Kh3 Rh1+ 47.
Kg2 Rb1 48. Ng3 Kxg4 49. Rg7+ Kh4 50. Nxe4 Rb4 51. Kf3 Rb8 52. Rg6 Rf8+ 53. Kg2
Nc7 54. f3 h5 55. Rg3 Nd5 56. Rh3# 1-0

[Event "44th Rilton Cup 2014-15"]
[Site "Stockholm SWE"]
[Date "2015.01.03"]
[Round "7.8"]
[White "Hagen, Andreas Skytte"]
[Black "Ivanov, Sergey"]
[Result "1/2-1/2"]
[WhiteTitle "IM"]
[BlackTitle "GM"]
[WhiteElo "2430"]
[BlackElo "2559"]
[WhiteFideId "1407341"]
[BlackFideId "4101375"]
[EventDate "2014.12.27"]

1. e4 e6 2. d4 d5 3. Nc3 Bb4 4. e5 c5 5. a3 Bxc3+ 6. bxc3 Ne7 7. h4 Qc7 8. h5 h6
9. Nf3 Bd7 10. Rh4 Nbc6 11. Rg4 g5 12. hxg6 fxg6 13. a4 O-O-O 14. Ba3 cxd4 15.
cxd4 g5 16. Bd3 Be8 17. c3 Bg6 18. Bxg6 Nxg6 19. Rg3 Na5 20. Nd2 Nc4 21. Bb4 Nf4
22. a5 h5 23. Rxg5 Rdg8 24. Rxg8+ Rxg8 25. g3 Nd3+ 26. Ke2 Qg7 27. Nxc4 dxc4 28.
a6 Qg4+ 29. f3 Qxg3 30. axb7+ Kxb7 31. Rxa7+ Kb6 32. Bc5+ Nxc5 33. dxc5+ Kxa7
34. Qd7+ Kb8 35. Qd6+ Ka8 36. Qa6+ Kb8 37. Qd6+ Kb7 38. Qb6+ Ka8 39. Qa6+ Kb8
40. Qd6+ 1/2-1/2

[Event "44th Rilton Cup 2014-15"]
[Site "Stockholm SWE"]
[Date "2015.01.03"]
[Round "7.9"]
[White "Blomqvist, Erik"]
[Black "Akesson, Ralf"]
[Result "1-0"]
[WhiteTitle "GM"]
[BlackTitle "GM"]
[WhiteElo "2525"]
[BlackElo "2457"]
[WhiteFideId "1709437"]
[BlackFideId "1700120"]
[EventDate "2014.12.27"]

1. e4 c6 2. d4 d5 3. Nc3 dxe4 4. Nxe4 Bf5 5. Ng3 Bg6 6. h4 h6 7. Nf3 Nd7 8. h5
Bh7 9. Bd3 Bxd3 10. Qxd3 e6 11. Bd2 Ngf6 12. O-O-O Qc7 13. Ne4 Bd6 14. Kb1 Bf4
15. Nxf6+ Nxf6 16. Bxf4 Qxf4 17. Qa3 Qc7 18. Ne5 a6 19. g4 O-O-O 20. f4 Rhf8 21.
c4 Nd7 22. Nd3 Nf6 23. g5 hxg5 24. fxg5 Ne4 25. h6 Nxg5 26. hxg7 Rg8 27. d5 Rxg7
28. dxc6 Qxc6 29. Ne5 Qe4+ 30. Ka1 Rxd1+ 31. Rxd1 Qxe5 32. Qf8+ Kc7 33. c5 Qf6
34. Qd6+ Kc8 35. c6 bxc6 36. Qxc6+ Kb8 37. Qb6+ Ka8 38. Qxa6+ Kb8 39. Rd7 1-0

[Event "44th Rilton Cup 2014-15"]
[Site "Stockholm SWE"]
[Date "2015.01.03"]
[Round "7.11"]
[White "Turova, Irina"]
[Black "Johansson, Linus"]
[Result "1-0"]
[WhiteTitle "IM"]
[BlackTitle "FM"]
[WhiteElo "2421"]
[BlackElo "2391"]
[WhiteFideId "4120876"]
[BlackFideId "1711113"]
[EventDate "2014.12.27"]

1. d4 Nf6 2. c4 e6 3. Nc3 Bb4 4. Qc2 O-O 5. a3 Bxc3+ 6. Qxc3 d5 7. Nf3 dxc4 8.
Qxc4 b6 9. Bg5 Ba6 10. Qa4 c5 11. dxc5 bxc5 12. Rc1 Qb6 13. Bxf6 gxf6 14. Rc2
Nc6 15. e3 Bxf1 16. Rxf1 Ne5 17. Nxe5 fxe5 18. Ke2 Rab8 19. Rfc1 Qb5+ 20. Qxb5
Rxb5 21. Kf3 Rd8 22. Rxc5 Rxb2 23. Rxe5 Rdd2 24. Rf1 Kg7 25. Ra5 Rd7 26. g4 Ra2
27. Kg3 Rd3 28. Rxa7 Rdxa3 29. Rxa3 Rxa3 30. Rc1 h6 31. Rc5 Rb3 32. h4 Rb1 33.
e4 Rg1+ 34. Kf4 Rh1 35. h5 Kf6 36. e5+ Kg7 37. Rc4 Rg1 38. f3 Rg2 39. Re4 Kh7
40. Re1 Kg7 41. Ke3 Ra2 42. Re2 Ra3+ 43. Kf2 Ra4 44. Kg2 Rb4 45. Rf2 Rb3 46. f4
Re3 47. Rf3 Re4 48. Rf1 Ra4 49. Kg3 Ra3+ 50. Rf3 Ra1 51. f5 Rg1+ 52. Kf4 exf5
53. gxf5 Rh1 54. f6+ Kh7 55. Rg3 Kh8 56. Ke4 Ra1 57. Rb3 Ra5 58. Rb8+ Kh7 59. e6
Ra4+ 60. Kd3 Ra6 61. e7 Rd6+ 62. Kc4 Rd4+ 63. Kc5 Rc4+ 64. Kd6 Rc8 65. Rb3 Ra8
66. Rb7 Kh8 67. Kd7 Kh7 68. e8=Q Rd8+ 69. Ke7 Rd7+ 70. Qxd7 1-0

[Event "44th Rilton Cup 2014-15"]
[Site "Stockholm SWE"]
[Date "2015.01.03"]
[Round "7.12"]
[White "Gajic, Mladen"]
[Black "Shimanov, Aleksandr"]
[Result "0-1"]
[BlackTitle "GM"]
[WhiteElo "2210"]
[BlackElo "2591"]
[WhiteFideId "1709178"]
[BlackFideId "4198603"]
[EventDate "2014.12.27"]

1. e4 e6 2. d4 d5 3. exd5 exd5 4. Bd3 Nc6 5. c3 Bd6 6. Nf3 Nge7 7. O-O Bg4 8.
Na3 Bxa3 9. bxa3 Qd7 10. Re1 O-O 11. Rb1 Rab8 12. a4 Ng6 13. h3 Bf5 14. Ba3 Rfd8
15. Qc2 Bxd3 16. Qxd3 Na5 17. Rb5 Nc4 18. Bc1 a6 19. Rb4 f6 20. Be3 Re8 21. Reb1
b6 22. Rxc4 dxc4 23. Qxc4+ Qf7 24. Qxa6 Qxa2 25. Rc1 Ra8 26. Qb5 Qxa4 27. Qd5+
Kh8 28. c4 Rad8 29. Qf5 Qb3 30. Kh2 Qa3 31. Rb1 Ne7 32. Qb5 Qd6+ 33. Kg1 Qd7 34.
Qb4 Nf5 35. Rb3 Ra8 36. Qd2 Nxe3 37. fxe3 Ra1+ 38. Kh2 Qd6+ 39. g3 Qc6 40. Qe2
Rc1 0-1

[Event "44th Rilton Cup 2014-15"]
[Site "Stockholm SWE"]
[Date "2015.01.03"]
[Round "7.13"]
[White "Tari, Aryan"]
[Black "Hedman, Erik"]
[Result "1-0"]
[WhiteTitle "IM"]
[BlackTitle "FM"]
[WhiteElo "2485"]
[BlackElo "2375"]
[WhiteFideId "1510045"]
[BlackFideId "1702351"]
[EventDate "2014.12.27"]

1. e4 c5 2. Nf3 e6 3. d4 cxd4 4. Nxd4 Nc6 5. Nc3 Qc7 6. Be3 a6 7. Qf3 Nf6 8.
Nxc6 bxc6 9. O-O-O Be7 10. Be2 d5 11. exd5 cxd5 12. Qg3 Qxg3 13. hxg3 Nd7 14. g4
O-O 15. f4 a5 16. Rh3 Rd8 17. Bd3 Nf8 18. Bb6 Rd7 19. Bd4 Bd6 20. g3 f6 21. Nb5
Bb8 22. Bc5 h6 23. g5 e5 24. gxh6 exf4 25. Rdh1 Ne6 26. hxg7 Ng5 27. Rh8+ Kxg7
28. Rxc8 fxg3 29. Kd1 Ba7 30. Nxa7 1-0

[Event "44th Rilton Cup 2014-15"]
[Site "Stockholm SWE"]
[Date "2015.01.03"]
[Round "7.14"]
[White "Jere, Daniel"]
[Black "Semcesen, Daniel"]
[Result "0-1"]
[WhiteTitle "IM"]
[BlackTitle "GM"]
[WhiteElo "2370"]
[BlackElo "2471"]
[WhiteFideId "8700249"]
[BlackFideId "1706993"]
[EventDate "2014.12.27"]

1. c4 b6 2. e4 Bb7 3. Nc3 e6 4. g3 f5 5. Bg2 Nf6 6. d3 fxe4 7. Nge2 Nc6 8. dxe4
Bc5 9. O-O O-O 10. h3 Ne5 11. b3 Nh5 12. g4 Qh4 13. gxh5 Rxf2 14. Rxf2 Rf8 15.
Bf4 Rxf4 16. Nxf4 Qxf2+ 17. Kh1 Qxf4 18. Qf1 Qe3 19. Qe1 Qg5 20. Qc1 Be3 21. Qc2
Ng4 22. Rf1 Nf2+ 23. Rxf2 Bxf2 24. Qxf2 Qc1+ 25. Kh2 Qxc3 26. Qf4 d6 27. h4 h6
28. Qg3 0-1

[Event "44th Rilton Cup 2014-15"]
[Site "Stockholm SWE"]
[Date "2015.01.03"]
[Round "7.15"]
[White "Bekker-Jensen, Simon"]
[Black "Lindgren, Philip"]
[Result "1/2-1/2"]
[WhiteTitle "IM"]
[BlackTitle "FM"]
[WhiteElo "2459"]
[BlackElo "2332"]
[WhiteFideId "1403613"]
[BlackFideId "1713230"]
[EventDate "2014.12.27"]

1. e4 c5 2. Nf3 d6 3. Bb5+ Nd7 4. O-O Nf6 5. Re1 a6 6. Bd3 Ne5 7. Nxe5 dxe5 8.
a4 b6 9. Na3 g6 10. Nc4 Qc7 11. b3 Bg7 12. Bb2 Nh5 13. g3 Be6 14. Be2 Bxc4 15.
Bxc4 Nf6 16. Qe2 a5 17. f4 Nd7 18. Rf1 O-O 19. f5 Nf6 20. g4 Kh8 21. h4 h5 22.
g5 Ng4 23. Rf3 gxf5 24. Rxf5 e6 25. Rf3 Qe7 26. Raf1 f6 27. Qg2 Kh7 28. Be2 fxg5
29. Rxf8 Rxf8 30. Rxf8 Bxf8 31. Bxg4 hxg4 32. h5 Qf6 33. Qg3 Bg7 34. Kg2 Qf4 35.
d3 Kh6 36. Bc3 Kxh5 37. Be1 Bf6 38. Qf2 Be7 39. Qe2 Qf3+ 40. Qxf3 gxf3+ 41. Kxf3
g4+ 42. Kg2 Bg5 43. Bg3 Bf4 44. Bf2 Kg5 1/2-1/2

[Event "44th Rilton Cup 2014-15"]
[Site "Stockholm SWE"]
[Date "2015.01.03"]
[Round "7.16"]
[White "Bellia, Fabrizio"]
[Black "Luukkonen, Tommi"]
[Result "1-0"]
[WhiteTitle "IM"]
[BlackTitle "FM"]
[WhiteElo "2420"]
[BlackElo "2334"]
[WhiteFideId "800511"]
[BlackFideId "501808"]
[EventDate "2014.12.27"]

1. d4 g6 2. e4 Bg7 3. Nc3 d6 4. Nf3 a6 5. a4 b6 6. Bc4 e6 7. O-O Ne7 8. Bb3 Nd7
9. Be3 O-O 10. Qd2 c5 11. Bh6 Bb7 12. Bxg7 Kxg7 13. Rad1 Nc8 14. Rfe1 Qc7 15.
Qe3 Ne7 16. Bxe6 fxe6 17. Ng5 Kh8 18. Nxe6 Qc6 19. Nxf8 Rxf8 20. dxc5 dxc5 21.
f3 Ne5 22. Nd5 Qe6 23. Qc3 Kg8 24. Nxe7+ Qxe7 25. Qb3+ Kh8 26. Qxb6 g5 27. Qd6
Qg7 28. Qxc5 h5 29. Qe3 Bc8 30. Kh1 h4 31. Rf1 h3 32. gxh3 Bxh3 33. Rf2 Nc4 34.
Qd4 Nxb2 35. Qxg7+ Kxg7 36. Rd4 Rb8 37. Rfd2 Nxa4 38. Kg1 Nc3 39. Kf2 a5 40. Rc4
Nb5 41. Ra4 Be6 42. Rxa5 Kf6 43. Rd1 Nc3 44. Rd3 Rc8 45. Rd6 Ke7 46. Rb6 Rf8 47.
Ra7+ Kf6 48. Raa6 Re8 49. Ke3 Nd1+ 50. Ke2 Nc3+ 51. Kd2 1-0